000 00491nam a22001817a 4500
003 CEME
005 20210628204111.0
008 210111b xxu||||| |||| 00| 0 eng d
020 _a9788131514696
040 _cceme
082 _a658.2 RAJ
100 _aRaju, N.V.S
_967876
245 _aPlant maintenance and reliability engineering
260 _aINDIA
_bCENGAGE LEARNING
_c2010
300 _aXIX, 417P
650 _aPLANT MAINTENANCE.RELIABILITY ENGINEERING
_968739
942 _cBK
_2ddc
999 _c576219
_d576219